000 00671nam a2200217 i 4500
001 149845
003 ES-MaACL
005 20250808004600.0
007 t|
008 071024s1953 sp ||||1| spa d
100 1 _aVan der Meersch, Maxence.
_9113032
245 1 4 _aUna esclavitud de nuestro tiempo /
_cpor Maxence Van der Meersch ; [traducción de Máximo Llago].
250 _a[1ª ed.].
260 _a[S.l.] :
_bLauro,
_c1953.
300 _a150 p. ;
_c22 cm.
490 1 _aLa aventura del hombre
700 1 _aLlago, Máximo.
_972658
830 0 3 _aLa aventura del hombre
_9182012
852 _aES-MaACL
_jC-6203
_bR.35437
999 _c149845
_d149845